|
|
|
|
| LEADER |
00000nam a2200000 i 4500 |
| 001 |
1/75672 |
| 008 |
970123s1975 gre d |
| 035 |
|
|
|l 10032188
|
| 040 |
|
|
|a GR-MY-UA
|b gre
|e aacr
|
| 041 |
0 |
|
|a gre
|
| 082 |
0 |
|
|a 320.53019
|
| 100 |
1 |
|
|a Τερλεξής, Πανταζής.
|
| 245 |
1 |
2 |
|a Ο αυταρχικός άνθρωπος :
|b ψυχολογική και κοινωνική βάση της πολιτικής συμπεριφοράς /
|c Πανταζής Τερλεξής
|
| 250 |
|
|
|a 2η εκδ.
|
| 260 |
|
|
|a [χ.τ.] :
|b Παπαζήση,
|c 1975
|
| 300 |
|
|
|a 187 σ.
|
| 650 |
0 |
0 |
|a Political science.
|
| 650 |
0 |
0 |
|a Authoritarianism.
|
| 852 |
|
|
|a INST
|b RHODES
|e 19970123
|h 320.53019 ΤΕΡ
|p 005400010359
|q 005400010359
|t BK
|y 0
|
| 852 |
|
|
|a INST
|b RHODES
|e 19970128
|h 320.53019 ΤΕΡ
|p 005400010546
|q 005400010546
|t BK
|y 0
|
| 852 |
|
|
|a INST
|b RHODES
|e 19970123
|h 320.53019 ΤΕΡ
|p 005400010547
|q 005400010547
|t BK
|y 0
|
| 909 |
|
|
|a Ρ
|b 014022
|c 1989
|
| 909 |
|
|
|a Ρ
|b 014023
|c 1989
|
| 909 |
|
|
|a Ρ
|b 014024
|c 1989
|
| 922 |
|
|
|a 4ΔΩΡ
|b 198906
|c ΔΩΡΕΑ
|
| 970 |
|
|
|z 2000/08/ΔΕΜΕΝΑΓΑΣ ΠΕΤΡΟΣ
|